<?xml version="1.0" encoding="UTF-8"?>
<record
    xmlns:xsi="http://www.w3.org/2001/XMLSchema-instance"
    xsi:schemaLocation="http://www.loc.gov/MARC21/slim http://www.loc.gov/standards/marcxml/schema/MARC21slim.xsd"
    xmlns="http://www.loc.gov/MARC21/slim">

  <leader>01861nam a2200289 u 4500</leader>
  <controlfield tag="001">1427217</controlfield>
  <controlfield tag="005">20240129080946.0</controlfield>
  <controlfield tag="007">cr|||||||</controlfield>
  <controlfield tag="008">151118s2015                        spa  </controlfield>
  <datafield tag="035" ind1=" " ind2=" ">
    <subfield code="a">1427217</subfield>
  </datafield>
  <datafield tag="040" ind1=" " ind2=" ">
    <subfield code="c">comduadb</subfield>
  </datafield>
  <datafield tag="041" ind1=" " ind2=" ">
    <subfield code="a">spa</subfield>
  </datafield>
  <datafield tag="080" ind1=" " ind2=" ">
    <subfield code="a">PIN</subfield>
  </datafield>
  <datafield tag="100" ind1="1" ind2="0">
    <subfield code="a">Ruiz Ruiz, Andr&#xE9;s Felipe</subfield>
    <subfield code="4">aut</subfield>
    <subfield code="e">aut</subfield>
    <subfield code="9">692267</subfield>
  </datafield>
  <datafield tag="245" ind1="1" ind2="0">
    <subfield code="a">Actualizaci&#xF3;n de datos log&#xED;sticos en productos para la exportaci&#xF3;n en Madecentro Colombia S.A.S.</subfield>
  </datafield>
  <datafield tag="260" ind1=" " ind2=" ">
    <subfield code="a">Medell&#xED;n :</subfield>
    <subfield code="b">[sin publicador],</subfield>
    <subfield code="c">2015.</subfield>
  </datafield>
  <datafield tag="300" ind1=" " ind2=" ">
    <subfield code="a">25 p&#xE1;ginas</subfield>
  </datafield>
  <datafield tag="520" ind1="3" ind2=" ">
    <subfield code="a">Basados en la clasificaci&#xF3;n ABC y los formatos dise&#xF1;ados los cuales conten&#xED;an informaci&#xF3;n log&#xED;stica acerca de la cantidad  por unidad de medida de productos en las cajas m&#xE1;ster y las cajas peque&#xF1;as, las dimensiones de las cajas m&#xE1;ster (largo, ancho y alto) y sus respectivos pesos, se defini&#xF3; en el centro de distribuci&#xF3;n principal una estanter&#xED;a y una posici&#xF3;n de partida, adem&#xE1;s una direcci&#xF3;n de movimiento para la toma de datos, de manera que se mantuviera un orden al momento de la recolecci&#xF3;n de estos, el cual permiti&#xF3; abordar de manera eficiente m&#xE1;s del 70% de las referencias propuesta. Finalmente se dise&#xF1;aron los formatos para el proyecto de exportaciones (packing list y la proform invoice), los cuales sirvieron de gu&#xED;a para cotizar env&#xED;os de mercanc&#xED;a a clientes en el exterior, ofreciendo a estos no solo informaci&#xF3;n relacionadas con los costos de env&#xED;o sino tambi&#xE9;n  datos log&#xED;sticos como lo son vol&#xFA;menes y pesos totales de la mercanc&#xED;a cotizada.</subfield>
  </datafield>
  <datafield tag="650" ind1=" " ind2=" ">
    <subfield code="a">Datos</subfield>
    <subfield code="9">90488</subfield>
  </datafield>
  <datafield tag="650" ind1=" " ind2=" ">
    <subfield code="a">Exportaciones</subfield>
    <subfield code="9">43775</subfield>
  </datafield>
  <datafield tag="650" ind1=" " ind2=" ">
    <subfield code="a">Log&#xED;stica</subfield>
    <subfield code="9">23262</subfield>
  </datafield>
  <datafield tag="700" ind1="1" ind2="0">
    <subfield code="a">Correa Puerta, Claudia Sof&#xED;a</subfield>
    <subfield code="4">ths</subfield>
    <subfield code="e">ths</subfield>
    <subfield code="9">281773</subfield>
  </datafield>
  <datafield tag="856" ind1="4" ind2=" ">
    <subfield code="u">https://drive.google.com/file/d/0BwecnWVz7HZocTFnT0g4MGNpaTQ/view?usp=sharing</subfield>
  </datafield>
  <datafield tag="942" ind1=" " ind2=" ">
    <subfield code="c">TESIS</subfield>
    <subfield code="n">0</subfield>
  </datafield>
  <datafield tag="999" ind1=" " ind2=" ">
    <subfield code="c">729937</subfield>
    <subfield code="d">729937</subfield>
  </datafield>
  <datafield tag="502" ind1=" " ind2=" ">
    <subfield code="b">174</subfield>
    <subfield code="c">17</subfield>
  </datafield>
  <datafield tag="526" ind1=" " ind2=" ">
    <subfield code="a">176</subfield>
  </datafield>
</record>
